000 00509nam a2200181 i 4500
001 120945
003 ES-MaACL
005 20250722022926.0
007 t|
008 070214s1940 sp r ||||1| spa d
100 1 _aPompey, Francisco.
_992936
245 1 3 _aEl arte español /
_cFrancisco Pompey.
260 _aMadrid :
_bRivadeneyra,
_c1940.
300 _a230 p., 21 lám. :
_bil. ;
_c25 cm.
650 0 7 _aArte español
_2embne
_910189
852 _aES-MaACL
_jA-5164
_bR.18110
999 _c120945
_d120945